| 000 | 00749cam a22001934a 4500 | ||
|---|---|---|---|
| 005 | 20250605163433.0 | ||
| 008 | 250528s ||||||||||||||||||||||||d | ||
| 035 | _a19187 | ||
| 020 | _a946393958 | ||
| 040 |
_aGR-AtMCL _bgre _dGR-AtMCL _eAACR2 |
||
| 245 | 1 | _aWorld Travel Atlas / The Atlas for the Travel Industry | |
| 250 | _a5th | ||
| 260 |
_bColumbus Press Limited, _c1998 |
||
| 300 | _a200 | ||
| 520 | _aThis atlas has been designed specifically for the worldwide travel guide and for those studying or teaching travel and tourism courses. Statistics, General Reference Maps, Specialist Maps, World, Europe, Africa, Asia, The Americas, Relief Maps, Appendices, Index, Outline Maps. | ||
| 942 | _cBK | ||
| 999 |
_c4460 _d4460 |
||